[Event "Open Ricany 2013"]
[Site "Turnaj A"]
[Date "25.8.2013"]
[Round "3.29"]
[White "Forman, Miroslav"]
[Black "Sadil, Jan"]
[Result "0-1"]
[WhiteElo "1925"]
[BlackElo "1630"]

1. d4 d5 2. Nc3 Nf6 3. Bg5 Nbd7 4. f3 h6 5. Bxf6 Nxf6 6. e4 dxe4 7. fxe4 e6
8. Nf3 Bb4 9. Bd3 O-O 10. O-O b6 11. Ne2 Bb7 12. c3 Be7 13. Ng3 c5 14. Qe2 cxd4
15. cxd4 Nh7 16. Rad1 Ng5 17. Bc2 Rc8 18. a3 Qc7 19. Rd2 Nxf3+ 20. gxf3 Bg5
21. Rf2 Bxd2 22. Qxd2 Rfd8 23. Qe3 Qc4 24. Rd2 Rd7 25. Ne2 Rcd8 26. Bb3 Qc8
27. Nc3 Ba6 28. Kg2 Bb7 29. Ba4 Bc6 30. Bb3 Rd6 31. e5 R6d7 32. Bc2 a6 33. h4 b5
34. h5 Kf8 35. Kf2 Qb7 36. Ne2 b4 37. a4 a5 38. Nc1 Qb6 39. Nb3 Bxa4 40. Nc5
Qxc5 41. dxc5 Rxd2+ 42. Kg3 Rxc2 43. b3 Rc3 44. Qe4 Bxb3 45. Qh7 Rdd3 46. Qh8+
Ke7 47. Qc8 Rxf3+ 48. Kg2 Rg3+ 49. Kf2 Rcf3+ 50. Ke1 Rg1+ 51. Ke2 Bd1+ 52. Kd2
Rf2+ 53. Ke3 Re2+ 54. Kd3 Rg3+ 55. Kc4 Bb3+ 56. Kb5 Rxe5 57. Kb6 Rc3 58. c6 Rec5
59. Qc7+ Kf6 60. Qf4+ Rf5 61. Qd4+ Kg5 62. Qxg7+ Kxh5 63. Qxc3 bxc3 64. c7 Rc5
0-1

[Event "Open Ricany 2013"]
[Site "Turnaj A"]
[Date "25.8.2013"]
[Round "3.10"]
[White "Plchot, Miroslav"]
[Black "Moravec, Vit"]
[Result "0-1"]
[WhiteElo "1887"]
[BlackElo "2159"]

1. c4 c5 2. Nc3 Nc6 3. g3 g6 4. Bg2 Bg7 5. Rb1 e6 6. a3 Nge7 7. e4 O-O 8. Nge2
d6 9. O-O Nd4 10. Nxd4 cxd4 11. Ne2 e5 12. d3 Rb8 13. Bd2 f5 14. f3 h6 15. Qc1
g5 16. h4 f4 17. hxg5 hxg5 18. g4 Bd7 19. Qc2 Qc7 20. Rfc1 Rfc8 21. Qd1 Qd8
22. Kf2 Qf8 23. Qb3 Qf6 24. Qd1 Kf7 25. b4 Be6 26. Qa4 Ra8 27. Rh1 Ng6 28. Nc1
Ke7 29. c5 Bd7 30. cxd6+ Kd8 31. Qb3 Be6 32. Qb2 Bf8 33. Nb3 b6 34. Rbc1 Bxd6
35. Bf1 Rxc1 36. Nxc1 Ke7 37. b5 Rh8 38. Rg1 Rh2+ 39. Rg2 Qh8 40. Bb4 Qh4+
41. Ke2 Bxg4 42. Bxd6+ Kxd6 43. Qb4+ Kd7 44. Rxh2 Qxh2+ 45. Kd1 Bxf3+ 46. Ne2
Qf2 47. Qb3 Qxf1+ 48. Kd2 Qxe2+ 49. Kc1 Qd1+ 0-1

[Event "Open Ricany 2013"]
[Site "Turnaj A"]
[Date "25.8.2013"]
[Round "3.2"]
[White "Vybiral, Zdenek"]
[Black "Postupa, Martin"]
[Result "0-1"]
[WhiteElo "2195"]
[BlackElo "2054"]

1. d4 d5 2. c4 e6 3. Nc3 Nf6 4. cxd5 exd5 5. Bg5 Bb4 6. e3 Nbd7 7. Bd3 c5
8. Ne2 c4 9. Bc2 h6 10. Bh4 g5 11. Bg3 O-O 12. O-O Re8 13. Nb5 Nh5 14. Bc7 Qf6
15. Nec3 Bxc3 16. Nxc3 Ng7 17. Ba4 Qe6 18. Qf3 b5 19. Nxb5 Ba6 20. Nc3 Bb7
21. Bg3 Rec8 22. Nb5 Bc6 23. Nc3 Bxa4 24. Nxa4 f5 25. Rfd1 Rc6 26. Rac1 Rf8
27. Be5 g4 28. Qg3 Nh5 29. Qh4 Nxe5 30. dxe5 Ng7 31. Nc3 Rc5 32. Rd4 Ne8
33. Rcd1 Nc7 34. h3 gxh3 35. Qxh3 Kh7 36. Qf3 Rd8 37. Rf4 Rf8 38. Rfd4 Rd8
39. Qh5 Rg8 40. Rh4 Rg6 0-1

[Event "Open Ricany 2013"]
[Site "Turnaj A"]
[Date "25.8.2013"]
[Round "3.9"]
[White "Skalicky, Tomas"]
[Black "Vanka, Miloslav"]
[Result "1/2-1/2"]
[WhiteElo "1935"]
[BlackElo "2173"]

1. d4 f5 2. g3 Nf6 3. Bg2 g6 4. Nf3 Bg7 5. O-O O-O 6. c4 d6 7. Nc3 c6 8. Re1
Ne4 9. Qc2 Nxc3 10. Qxc3 e5 11. dxe5 Nd7 12. Bg5 Qe8 13. Rad1 dxe5 14. Qc1 e4
15. Nd4 Ne5 16. b3 Nf7 17. Be3 Qe7 18. c5 Bd7 19. f4 Rad8 20. Qc4 Bc8 21. Bc1
Rd5 22. b4 Rfd8 23. e3 Be6 24. Qc3 h5 25. Bb2 Kh7 26. Qc2 Nh6 27. Bh3 Bf7
28. Rd2 R5d7 29. a3 Bd5 30. Red1 Qf7 31. Rc1 Ng8 32. Bf1 Bf6 33. h4 Qg7 34. Rcd1
Ne7 35. Kf2 Ng8 36. Kg1 Nh6 37. Be2 Qe7 38. Kg2 Rf8 39. Rh1 Nf7 40. Rhd1 Nd8
41. Kh3 Nf7 42. Kg2 Rfd8 43. Kh3 Nh6 1/2-1/2

[Event "Open Ricany 2013"]
[Site "Turnaj A"]
[Date "25.8.2013"]
[Round "3.17"]
[White "Jandl, Vojtech"]
[Black "Liuba, Voldymyr"]
[Result "1/2-1/2"]
[WhiteElo "1824"]
[BlackElo "2196"]

1. e4 c5 2. Nf3 d6 3. d4 cxd4 4. Nxd4 Nf6 5. f3 g6 6. c4 Bg7 7. Nc3 Nc6 8. Be3
O-O 9. Be2 Bd7 10. O-O Rc8 11. Rc1 Qa5 12. Qd2 a6 13. Rfd1 Rfe8 14. Nb3 Qh5
15. h3 Bxh3 16. gxh3 Qxh3 17. f4 e5 18. Rf1 Qg3+ 19. Kh1 exf4 20. Bxf4 Qh3+
21. Kg1 Nxe4 22. Nxe4 Rxe4 23. Bf3 Re6 24. Bd5 Rf6 25. Bxd6 Bh6 26. Rxf6 Bxd2
27. Nxd2 Qe3+ 28. Rf2 Nd4 29. Kf1 Nf5 30. Rc3 Qd4 31. Rf4 Qxd2 32. Rxf5 Qd1+
33. Kf2 Qd4+ 34. Kf1 gxf5 35. Rg3+ Kh8 36. Bb4 Qd1+ 37. Kf2 h5 38. Bc3+ Kh7
39. Bxf7 Rc7 40. Rg7+ Kh6 41. Rg6+ Kh7 1/2-1/2

[Event "Open Ricany 2013"]
[Site "Turnaj A"]
[Date "25.8.2013"]
[Round "3.31"]
[White "Hadrava, Jaroslav"]
[Black "Skvaril, Michal"]
[Result "1-0"]
[WhiteElo "1915"]
[BlackElo "1708"]

1. e4 e5 2. Nc3 Bc5 3. f4 d6 4. Nf3 Nf6 5. d3 O-O 6. fxe5 dxe5 7. Bg5 Bg4 8. h3
Bxf3 9. Qxf3 Nbd7 10. Nd5 Be7 11. Nxe7+ Qxe7 12. Be2 h6 13. Bd2 Ne8 14. O-O-O
Nd6 15. g4 c5 16. h4 f6 17. Qg2 Nf7 18. Rdg1 g5 19. Rf1 Kg7 20. Kb1 b5 21. Qf2
Rac8 22. c3 a5 23. Rh3 b4 24. Bd1 Nb6 25. cxb4 axb4 26. Bxb4 cxb4 27. Qxb6 Rb8
28. Qf2 Nd6 29. Bb3 Nb5 30. Rfh1 Rh8 31. Qh2 Rb6 32. Qf2 Nd4 33. Bc4 Rc6
34. R3h2 Rhc8 35. Qe3 Rh8 36. hxg5 fxg5 37. Rf1 Rf8 38. Rhf2 Rcf6 39. Rf5 Nxf5
40. exf5 Rc6 41. Qe4 Qd6 42. Re1 Kf6 43. Rh1 Kg7 44. Rf1 Kf6 45. Bd5 Rc5 46. Bc4
Rc6 47. Qh1 Rh8 48. Rf3 Rc7 49. Rh3 Kg7 50. Qe1 Kf6 51. Re3 Re7 52. Qh1 Rc7
53. Qh5 Kg7 54. Be6 Kf8 55. Qg6 Qc5 56. Qf6+ Ke8 57. Qxh8+ Ke7 58. Qg7+ Kd8
59. Qg8+ Ke7 60. Qf7+ Kd8 61. Qf6+ Ke8 62. Bf7+ Kf8 63. Bc4+ 1-0

[Event "Open Ricany 2013"]
[Site "Turnaj A"]
[Date "2013.08.26"]
[Round "4.1"]
[White "Postupa, Martin"]
[Black "Rydl, Jiri"]
[Result "0-1"]
[WhiteElo "2054"]
[BlackElo "2090"]
[PlyCount "82"]
[EventDate "2013.??.??"]

1. e4 e6 2. d4 d5 3. e5 c5 4. c3 Nc6 5. Nf3 Qb6 6. a3 Nh6 7. b4 cxd4 8. cxd4
Nf5 9. Bb2 Be7 10. Be2 Bd7 11. O-O O-O 12. b5 a6 13. a4 axb5 14. axb5 Rxa1 15.
Bxa1 Na5 16. Nc3 Rc8 17. Na4 Qd8 18. g4 Nh4 19. Nxh4 Bxh4 20. f4 h6 21. Bc3 Nc4
22. Qb1 b6 23. Rf3 Ra8 24. Qb3 Qe8 25. Rh3 Be7 26. Nb2 Ra3 27. Qc2 Bxb5 28. g5
Nxb2 29. gxh6 g6 30. h7+ Kh8 31. Qxb2 Bxe2 32. Qxe2 Qa4 33. f5 Rxc3 34. Rxc3
Qxd4+ 35. Kg2 Qxc3 36. fxg6 fxg6 37. Qb5 Qd2+ 38. Kf3 Qd1+ 39. Kg3 Qe1+ 40. Kg2
Qe4+ 41. Kf1 Qc4+ 0-1

[Event "Open Ricany 2013"]
[Site "Turnaj A"]
[Date "2013.08.26"]
[Round "4.2"]
[White "Starek, Stanislav"]
[Black "Vokac, Marek"]
[Result "1/2-1/2"]
[WhiteElo "2094"]
[BlackElo "2458"]
[PlyCount "39"]
[EventDate "2013.??.??"]

1. d4 g6 2. c4 Bg7 3. Nc3 d6 4. e4 Nf6 5. f3 O-O 6. Be3 b6 7. Nge2 c5 8. Qd2
Nc6 9. Rd1 e5 10. dxc5 dxc5 11. Qxd8 Rxd8 12. Nd5 Nxd5 13. cxd5 Nd4 14. Nxd4
exd4 15. Bg5 f6 16. Bf4 Bd7 17. Ba6 Rf8 18. b4 cxb4 19. Bd6 f5 20. Bxf8 1/2-1/2

[Event "Open Ricany 2013"]
[Site "Turnaj A"]
[Date "2013.08.26"]
[Round "4.3"]
[White "Skacel, Jan"]
[Black "Svatos, Jan"]
[Result "1/2-1/2"]
[WhiteElo "2075"]
[BlackElo "2287"]
[PlyCount "37"]
[EventDate "2013.??.??"]

1. Nf3 d5 2. d4 c6 3. c4 Nf6 4. e3 e6 5. Nc3 Be7 6. Bd3 O-O 7. O-O Nbd7 8. e4
dxe4 9. Nxe4 Nxe4 10. Bxe4 c5 11. Bc2 cxd4 12. Nxd4 Nf6 13. b3 a6 14. Bb2 Bd7
15. Qe2 Qc7 16. Rac1 Rfe8 17. Rfd1 e5 18. Nf5 Bc5 19. Ne3 1/2-1/2

[Event "Open Ricany 2013"]
[Site "Turnaj A"]
[Date "2013.08.26"]
[Round "4.4"]
[White "Moravec, Vit"]
[Black "Mejzlik, Vojtech"]
[Result "1-0"]
[WhiteElo "2159"]
[BlackElo "2106"]
[PlyCount "69"]
[EventDate "2013.??.??"]

1. e4 c5 2. Nf3 Nc6 3. d4 cxd4 4. Nxd4 Nf6 5. Nc3 e5 6. Ndb5 d6 7. Bg5 a6 8.
Na3 b5 9. Nd5 Be7 10. Bxf6 Bxf6 11. c4 Qa5+ 12. Qd2 b4 13. Nc2 Rb8 14. Nxf6+
gxf6 15. b3 Qc5 16. O-O-O Ke7 17. f4 Bb7 18. Be2 Rhg8 19. g3 a5 20. Rhf1 Rgd8
21. Qd3 a4 22. Qf3 Na5 23. Ne3 axb3 24. Nd5+ Bxd5 25. Rxd5 bxa2 26. Kb2 Nxc4+
27. Ka1 Qxd5 28. exd5 Nd2 29. Qe3 Nxf1 30. Qa7+ Ke8 31. Bh5 Rdc8 32. Qxf7+ Kd8
33. Qe8+ Kc7 34. Qc6+ Kd8 35. Qxd6# 1-0

[Event "Open Ricany 2013"]
[Site "Turnaj A"]
[Date "2013.08.26"]
[Round "4.5"]
[White "Kohout, Vratislav"]
[Black "Hrdina, Robin"]
[Result "0-1"]
[WhiteElo "2112"]
[BlackElo "2077"]
[PlyCount "65"]
[EventDate "2013.??.??"]

1. d4 Nf6 2. Nf3 e6 3. g3 b6 4. Bg2 Bb7 5. O-O c5 6. c4 Be7 7. d5 exd5 8. Nh4
O-O 9. cxd5 d6 10. Nf5 Re8 11. Nc3 Bf8 12. e4 a6 13. a4 g6 14. Nh6+ Kg7 15. Bg5
Bc8 16. f4 Nbd7 17. e5 dxe5 18. Ne4 exf4 19. Rxf4 Re5 20. h4 Rxe4 21. Bxe4 Bd6
22. Rf1 Qe8 23. Bg2 Bxg3 24. Qf3 Qe5 25. Ng4 Qd4+ 26. Kh1 Qxg4 27. Bxf6+ Nxf6
28. Qxf6+ Kh6 29. Qg5+ Qxg5 30. hxg5+ Kg7 31. Rf3 Bh4 32. Raf1 Bf5 33. Bh3 0-1

[Event "Open Ricany 2013"]
[Site "Turnaj A"]
[Date "2013.08.26"]
[Round "4.6"]
[White "Sharashenidze, Akaki"]
[Black "Lacza, Tibor"]
[Result "1-0"]
[WhiteElo "2349"]
[BlackElo "2011"]
[PlyCount "69"]
[EventDate "2013.??.??"]

1. c4 Nf6 2. Nc3 e6 3. g3 Bb4 4. Bg2 O-O 5. Qb3 a5 6. a3 Bxc3 7. Qxc3 d6 8. d3
Nbd7 9. b4 axb4 10. axb4 Rxa1 11. Qxa1 c6 12. Nf3 Qe7 13. O-O e5 14. Nd2 Re8
15. Qa5 Qd8 16. Qxd8 Rxd8 17. Bb2 Re8 18. Ra1 Kf8 19. Ra7 Ke7 20. b5 cxb5 21.
Ba3 Kd8 22. Bxb7 Bxb7 23. Rxb7 b4 24. Bxb4 Ke7 25. Nf3 Ke6 26. d4 h6 27. d5+
Ke7 28. Nxe5 Ra8 29. Nc6+ Ke8 30. Bxd6 Ra2 31. Rc7 Ra8 32. Ne5 Nxe5 33. Bxe5
Ra2 34. Bxf6 gxf6 35. e3 1-0

[Event "Open Ricany 2013"]
[Site "Turnaj A"]
[Date "2013.08.26"]
[Round "4.7"]
[White "Vorisek, Jaroslav"]
[Black "Vykouk, Jan"]
[Result "1/2-1/2"]
[WhiteElo "2276"]
[BlackElo "2034"]
[PlyCount "42"]
[EventDate "2013.??.??"]

1. e4 c5 2. Nf3 d6 3. d4 cxd4 4. Nxd4 Nf6 5. Nc3 a6 6. g3 e5 7. Nde2 Be7 8. Bg2
Nbd7 9. h3 h5 10. Be3 b5 11. Nd5 Nxd5 12. Qxd5 Rb8 13. O-O-O O-O 14. Qd2 Nb6
15. Bxb6 Qxb6 16. Nc3 Be6 17. Nd5 Bxd5 18. exd5 Rfc8 19. Bf1 b4 20. Kb1 a5 21.
Bd3 a4 1/2-1/2

[Event "Open Ricany 2013"]
[Site "Turnaj A"]
[Date "2013.08.26"]
[Round "4.8"]
[White "Haman, Jakub"]
[Black "Postupa, Pavel"]
[Result "1-0"]
[WhiteElo "2170"]
[BlackElo "2260"]
[PlyCount "49"]
[EventDate "2013.??.??"]

1. e4 c5 2. Nf3 d6 3. d4 cxd4 4. Nxd4 Nf6 5. Nc3 a6 6. Bg5 e6 7. f4 h6 8. Bh4
Be7 9. Qf3 Qc7 10. O-O-O Nbd7 11. Bd3 g5 12. fxg5 Ne5 13. Qe2 Nfg4 14. Kb1 hxg5
15. Bg3 Bd7 16. Rhf1 O-O-O 17. h3 Nf6 18. Nf3 Rdg8 19. Nxe5 dxe5 20. Bxa6 bxa6
21. Qxa6+ Kb8 22. Nb5 Qc5 23. Bxe5+ Qxe5 24. Qb6+ Kc8 25. Na7# 1-0

[Event "Open Ricany 2013"]
[Site "Turnaj A"]
[Date "2013.08.26"]
[Round "4.9"]
[White "Mejzlik, Ondrej"]
[Black "Cap, Adam"]
[Result "1-0"]
[WhiteElo "2255"]
[BlackElo "2050"]
[PlyCount "93"]
[EventDate "2013.??.??"]

1. c4 e6 2. Nc3 d5 3. d4 Nf6 4. Nf3 Nbd7 5. Bg5 Be7 6. e3 O-O 7. Bd3 Re8 8. O-O
a6 9. c5 c6 10. b4 Nh5 11. Bxe7 Qxe7 12. Ne5 g6 13. f4 f6 14. Nxg6 hxg6 15.
Bxg6 Ng7 16. Bxe8 Qxe8 17. g4 f5 18. g5 Qh5 19. Qxh5 Nxh5 20. Kg2 Kf7 21. Rf3
Nf8 22. Na4 Bd7 23. Rh3 Kg6 24. Nb6 Rb8 25. Rf1 Be8 26. Rh4 Nd7 27. Na4 Bf7 28.
Rf3 Rh8 29. Rfh3 Kg7 30. Nc3 Bg6 31. Ne2 Rh7 32. Kf2 Nf8 33. Ke1 Kf7 34. Kd2
Ke7 35. Kc3 Kd7 36. Kb3 Kc7 37. Ka4 Kd7 38. Ka5 Kc7 39. Ng3 Nxg3 40. Rxh7+ Bxh7
41. Rxg3 e5 42. fxe5 Bg6 43. Rh3 f4 44. exf4 Ne6 45. Rh6 Nxf4 46. h4 Bf5 47.
Rf6 1-0

[Event "Open Ricany 2013"]
[Site "Turnaj A"]
[Date "2013.08.26"]
[Round "4.10"]
[White "Marikova, Jana"]
[Black "Gregor, Jiri"]
[Result "0-1"]
[WhiteElo "2045"]
[BlackElo "2253"]
[PlyCount "78"]
[EventDate "2013.??.??"]

1. d4 d5 2. c4 c6 3. Nf3 Nf6 4. Nc3 a6 5. c5 Nbd7 6. Bg5 g6 7. e3 Bg7 8. Be2
O-O 9. O-O Re8 10. b4 e5 11. a4 h6 12. Bh4 e4 13. Nd2 g5 14. Bg3 Nh7 15. Bg4
Ndf8 16. Bxc8 Qxc8 17. f3 exf3 18. Qxf3 Qd7 19. Nb3 Re6 20. Rae1 Rae8 21. Kh1
Nf6 22. Na1 Ng6 23. Nc2 h5 24. b5 axb5 25. axb5 h4 26. Bd6 Ne4 27. Nxe4 Rxe4
28. bxc6 bxc6 29. Rb1 g4 30. Qf2 Bh6 31. Rb3 Bg5 32. g3 Kg7 33. Re1 R8e6 34.
Rb8 Rf6 35. Qd2 Rf3 36. Qa5 Qf5 37. Bf4 hxg3 38. hxg3 Bxf4 39. gxf4 Qh5+ 0-1

[Event "Open Ricany 2013"]
[Site "Turnaj A"]
[Date "2013.08.26"]
[Round "4.11"]
[White "Berg, Antonin"]
[Black "Vybiral, Zdenek"]
[Result "0-1"]
[WhiteElo "1826"]
[BlackElo "2195"]
[PlyCount "34"]
[EventDate "2013.??.??"]

1. e4 d6 2. d4 Nf6 3. Nc3 e5 4. dxe5 dxe5 5. Qxd8+ Kxd8 6. Bg5 Be6 7. Nf3 Nbd7
8. O-O-O Kc8 9. Bxf6 gxf6 10. a3 Rg8 11. g3 c6 12. Be2 Bc5 13. Nh4 Bxf2 14. Nf5
Bc5 15. b4 Bf8 16. Nd6+ Kc7 17. Nf5 a5 0-1

[Event "Open Ricany 2013"]
[Site "Turnaj A"]
[Date "2013.08.26"]
[Round "4.12"]
[White "Kotzot, Jiri"]
[Black "Pycha, Patrik"]
[Result "1/2-1/2"]
[WhiteElo "2194"]
[BlackElo "1981"]
[PlyCount "54"]
[EventDate "2013.??.??"]

1. e4 e6 2. d4 d5 3. Nd2 Nf6 4. e5 Nfd7 5. Bd3 c5 6. c3 Nc6 7. Ne2 cxd4 8. cxd4
f6 9. exf6 Nxf6 10. Nf3 Bd6 11. O-O Qc7 12. Nc3 a6 13. Bg5 O-O 14. Bh4 Nh5 15.
Rc1 h6 16. Bb1 Qf7 17. Na4 e5 18. Nxe5 Nxe5 19. dxe5 Bxe5 20. Bg3 Nxg3 21. hxg3
Bd7 22. Qc2 Bf5 23. Qxf5 Qxf5 24. Bxf5 Rxf5 25. Rfd1 b5 26. Nb6 Raf8 27. Rc2 d4
1/2-1/2

[Event "Open Ricany 2013"]
[Site "Turnaj A"]
[Date "2013.08.26"]
[Round "4.13"]
[White "Cermak, Jan"]
[Black "Trepka, Jan"]
[Result "1/2-1/2"]
[WhiteElo "1771"]
[BlackElo "2187"]
[PlyCount "148"]
[EventDate "2013.??.??"]

1. e4 c6 2. d4 d5 3. e5 Bf5 4. Nf3 e6 5. Be2 Qb6 6. O-O c5 7. c4 dxc4 8. Na3
Bd3 9. Bxd3 cxd3 10. Nc4 Qa6 11. Qxd3 b5 12. Ng5 Nc6 13. Qf3 Nh6 14. Na5 Rc8
15. Nxc6 Qxc6 16. dxc5 Bxc5 17. Ne4 Nf5 18. Bf4 O-O 19. Rac1 Qb6 20. Nxc5 Rxc5
21. Be3 Nxe3 22. Qxe3 Rfc8 23. Rxc5 Qxc5 24. Qxc5 Rxc5 25. Rd1 g5 26. Kf1 Rxe5
27. Rd8+ Kg7 28. Ra8 Rc5 29. Rxa7 Rc1+ 30. Ke2 Rc2+ 31. Ke3 Rxb2 32. Ra5 Kg6
33. Ra6 h5 34. h3 h4 35. Kf3 Kf5 36. Ra5 e5 37. Ke3 g4 38. hxg4+ Kxg4 39. a4
Rb3+ 40. Ke2 bxa4 41. Rxa4+ Kg5 42. Ra8 h3 43. Rg8+ Kf5 44. gxh3 Rxh3 45. Ra8
Rb3 46. Ra4 e4 47. Ra2 Kg4 48. Ra8 f5 49. Ra4 Kf4 50. Ra2 Rd3 51. Rb2 Ra3 52.
Rc2 Kg4 53. Rc4 Ra2+ 54. Kf1 Rd2 55. Ke1 Ra2 56. Kf1 Kf4 57. Rb4 Ra5 58. Ke2
Ke5 59. Rb8 f4 60. Re8+ Kd4 61. Rd8+ Rd5 62. Ra8 f3+ 63. Ke1 Rb5 64. Ra1 Rb2
65. Rd1+ Kc3 66. Ra1 Re2+ 67. Kf1 Rc2 68. Ke1 Kb2 69. Ra8 Rc1+ 70. Kd2 Rf1 71.
Rb8+ Ka2 72. Ke3 Re1+ 73. Kf4 Re2 74. Kg3 e3 1/2-1/2

[Event "Open Ricany 2013"]
[Site "Turnaj A"]
[Date "2013.08.26"]
[Round "4.14"]
[White "Vanka, Miloslav"]
[Black "Vavrinec, Tomas"]
[Result "1-0"]
[WhiteElo "2173"]
[BlackElo "2015"]
[PlyCount "41"]
[EventDate "2013.??.??"]

1. e4 e6 2. d4 d5 3. Nc3 dxe4 4. Nxe4 Nd7 5. g3 Ngf6 6. Nxf6+ Nxf6 7. Bg2 c5 8.
Nf3 Qa5+ 9. c3 Qa6 10. Qe2 Qxe2+ 11. Kxe2 Bd7 12. Ne5 Bb5+ 13. c4 Ba6 14. Be3
Bd6 15. b3 Nd5 16. Nd3 Nxe3 17. fxe3 Rc8 18. dxc5 Bxc5 19. b4 Bxe3 20. Kxe3
Rxc4 21. Rhc1 1-0

[Event "Open Ricany 2013"]
[Site "Turnaj A"]
[Date "2013.08.26"]
[Round "4.15"]
[White "Liuba, Volodymyr"]
[Black "Skalicky, Tomas"]
[Result "0-1"]
[WhiteElo "2196"]
[BlackElo "1935"]
[PlyCount "84"]
[EventDate "2013.??.??"]

1. e4 c5 2. Nf3 d6 3. d4 cxd4 4. Nxd4 Nf6 5. Nc3 a6 6. Be3 e5 7. Nb3 Be6 8. f3
Be7 9. Qd2 O-O 10. O-O-O a5 11. Qe1 Qc8 12. Bb5 Na6 13. Kb1 Nc7 14. a4 Nxb5 15.
Nxb5 d5 16. g4 d4 17. g5 Ne8 18. Bc1 Qc4 19. N5xd4 exd4 20. Rxd4 Qc6 21. f4 Rc8
22. Qd1 Bxb3 23. cxb3 Bc5 24. Rd3 Qxe4 25. Re1 Qg6 26. Ka2 Bf2 27. Rf1 Rxc1 28.
Qxc1 Qxd3 29. Rxf2 Qd4 30. Rf1 Nd6 31. Rd1 Qb6 32. Rd5 g6 33. h4 Nf5 34. h5 Nd4
35. Qc3 Nc6 36. h6 Nb4+ 37. Ka3 f6 38. Rd7 Qc6 39. Rg7+ Kh8 40. Qh3 Rd8 41. Qf1
Nd3 42. gxf6 Qc2 0-1

[Event "Open Ricany 2013"]
[Site "Turnaj A"]
[Date "2013.08.26"]
[Round "4.16"]
[White "Schmalz, Michal"]
[Black "Hadrava, Jaroslav"]
[Result "1-0"]
[WhiteElo "2077"]
[BlackElo "1915"]
[PlyCount "55"]
[EventDate "2013.??.??"]

1. e4 e5 2. Nf3 Nc6 3. d4 exd4 4. Bc4 Nf6 5. e5 d5 6. Bb5 Ne4 7. O-O Bd7 8.
Bxc6 bxc6 9. Nxd4 Bc5 10. f3 Ng5 11. f4 Ne4 12. Be3 O-O 13. Nd2 Nxd2 14. Qxd2
Qe7 15. Nb3 Bb6 16. Qc3 f6 17. Nc5 fxe5 18. fxe5 a5 19. Bd4 Bxc5 20. Bxc5 Rxf1+
21. Rxf1 Qe8 22. Rf8+ Qxf8 23. Bxf8 Rxf8 24. Qxa5 Rc8 25. Kf2 Kf7 26. Ke3 Ke6
27. Kd4 Be8 28. Qc3 1-0

[Event "Open Ricany 2013"]
[Site "Turnaj A"]
[Date "2013.08.26"]
[Round "4.17"]
[White "Misicko, Jan"]
[Black "Plchot, Miroslav"]
[Result "1/2-1/2"]
[WhiteElo "2074"]
[BlackElo "1887"]
[PlyCount "50"]
[EventDate "2013.??.??"]

1. c4 g6 2. g3 Bg7 3. Bg2 c5 4. Nf3 Nc6 5. e3 d6 6. h3 Rb8 7. d4 cxd4 8. exd4
Qb6 9. d5 Nd4 10. Nc3 Nxf3+ 11. Qxf3 Qb4 12. O-O Qxc4 13. Re1 h6 14. Bf4 Kf8
15. Re4 Qa6 16. Ra4 Qb6 17. Be3 Qxb2 18. Rc1 Bd7 19. Rc4 Nf6 20. a4 Kg8 21. Nd1
Qb3 22. R1c3 Qb1 23. Rc1 Qb3 24. R1c3 Qb1 25. Rc1 Qb3 1/2-1/2

[Event "Open Ricany 2013"]
[Site "Turnaj A"]
[Date "2013.08.26"]
[Round "4.18"]
[White "Konvalinka, Vladislav"]
[Black "Janacek, Jaroslav"]
[Result "0-1"]
[WhiteElo "1886"]
[BlackElo "2038"]
[PlyCount "102"]
[EventDate "2013.??.??"]

1. d4 d6 2. c4 e5 3. d5 g6 4. Nc3 Nd7 5. e4 a5 6. Bd3 Nc5 7. Bc2 Nf6 8. Nge2 h5
9. Bd2 h4 10. h3 Nh5 11. a3 Bh6 12. Bxh6 Rxh6 13. Qd2 g5 14. Nd1 Nf4 15. Nxf4
gxf4 16. Nc3 Bd7 17. O-O-O Rg6 18. Qe2 Qg5 19. Kb1 a4 20. Rdg1 Ke7 21. Nd1 Rag8
22. f3 Qh5 23. Qf1 Rg3 24. Nf2 b6 25. Ng4 Rg5 26. Qe2 Qg6 27. Ka2 Qg8 28. Rd1
Qb8 29. Bd3 Nb3 30. Qf1 Qa7 31. Qf2 Qa5 32. Rh2 Rg8 33. Bc2 Nc5 34. Qd2 Qxd2
35. Rxd2 Rb8 36. b4 axb3+ 37. Bxb3 b5 38. cxb5 Rxb5 39. Bc4 Ra5 40. Rh1 f5 41.
exf5 Bxf5 42. Re1 Bxg4 43. hxg4 h3 44. gxh3 Rxf3 45. h4 Raxa3+ 46. Kb2 Na4+ 47.
Kc2 Rac3+ 48. Kd1 Rxc4 49. Rh2 Nc3+ 50. Kd2 Nxd5 51. h5 Ne3 0-1

[Event "Open Ricany 2013"]
[Site "Turnaj A"]
[Date "2013.08.26"]
[Round "4.20"]
[White "Marsalek, Lubos"]
[Black "Rihova, Kamila"]
[Result "1/2-1/2"]
[WhiteElo "1997"]
[BlackElo "1687"]
[PlyCount "109"]
[EventDate "2013.??.??"]

1. Nf3 Nf6 2. c4 d6 3. g3 g6 4. Bg2 Bg7 5. O-O O-O 6. Nc3 Nbd7 7. b4 e5 8. Bb2
Re8 9. e4 Nb6 10. d3 Bg4 11. h3 Be6 12. Ng5 Bc8 13. Nf3 c6 14. Re1 h6 15. Qc2
Be6 16. a4 a5 17. Ba3 Qd7 18. c5 Nc8 19. Kh2 Nh7 20. b5 dxc5 21. Bxc5 b6 22.
bxc6 Qxc6 23. Be3 Nd6 24. Rec1 b5 25. axb5 Nxb5 26. Nxb5 Qxb5 27. Rcb1 Qd7 28.
Qd2 a4 29. Bf1 Red8 30. Bxh6 f6 31. Bxg7 Kxg7 32. d4 exd4 33. Bb5 Qb7 34. Nxd4
Qxe4 35. Nxe6+ Qxe6 36. Qf4 a3 37. Qc7+ Kh8 38. Re1 Qd6 39. Qxd6 Rxd6 40. Re8+
Rxe8 41. Bxe8 Rd2 42. Kg2 a2 43. Bxg6 Kg7 44. Bxh7 Kxh7 45. Kf3 Kg6 46. Ke3 Rb2
47. g4 Rb3+ 48. Kf4 Rxh3 49. Rxa2 Rb3 50. Ra5 Rb4+ 51. Kg3 Rb3+ 52. f3 Rc3 53.
Ra6 Kg5 54. Ra8 Rb3 55. Ra5+ 1/2-1/2

[Event "Open Ricany 2013"]
[Site "Turnaj A"]
[Date "2013.08.26"]
[Round "4.21"]
[White "Sadil, Jan"]
[Black "Franek, Jan"]
[Result "0-1"]
[WhiteElo "1630"]
[BlackElo "1970"]
[PlyCount "78"]
[EventDate "2013.??.??"]

1. d4 f5 2. Nf3 e6 3. c4 Nf6 4. Nc3 d5 5. e3 c6 6. Be2 Bd6 7. O-O Nbd7 8. a3
Ne4 9. cxd5 exd5 10. Qc2 O-O 11. b4 a6 12. Qb3 Rf6 13. Bd3 Rh6 14. Bxe4 fxe4
15. Nxe4 Bxh2+ 16. Nxh2 Qh4 17. f3 Qxh2+ 18. Kf2 Nf6 19. Nxf6+ Rxf6 20. e4 Bh3
21. Rg1 Raf8 22. Bd2 Rxf3+ 23. Qxf3 Rxf3+ 24. Kxf3 dxe4+ 25. Kxe4 Bxg2+ 26. Kd3
Bd5 27. Rae1 Bf7 28. Kc3 Qh5 29. Rg5 Qh3+ 30. Be3 Qe6 31. d5 cxd5 32. Rxg7+ Kh8
33. Rg5 Qc6+ 34. Kd2 Qf6 35. Rc1 h5 36. Rc8+ Kh7 37. Rc7 d4 38. Rxh5+ Kg7 39.
Rg5+ Kh6 0-1

[Event "Open Ricany 2013"]
[Site "Turnaj A"]
[Date "2013.08.26"]
[Round "4.22"]
[White "Rut, Vojtech"]
[Black "Jandl, Vojtech"]
[Result "1-0"]
[WhiteElo "2078"]
[BlackElo "1824"]
[PlyCount "47"]
[EventDate "2013.??.??"]

1. d4 d5 2. c4 e6 3. Nf3 Nf6 4. g3 Be7 5. Bg2 O-O 6. O-O dxc4 7. Qc2 a6 8. Qxc4
b5 9. Qc2 Bb7 10. Bd2 Nbd7 11. Ba5 Rc8 12. Nbd2 Nd5 13. a3 Ba8 14. e4 N5b6 15.
b4 Nf6 16. Rfe1 Qd7 17. Rac1 Rfd8 18. h4 Ne8 19. Bh3 Nd6 20. Ne5 Qe8 21. d5 Bf6
22. Nxf7 Nxf7 23. Bxe6 Rb8 24. Qxc7 1-0

[Event "Open Ricany 2013"]
[Site "Turnaj A"]
[Date "2013.08.26"]
[Round "4.23"]
[White "Pavlicek, Petr"]
[Black "Dungl, Martin"]
[Result "1-0"]
[WhiteElo "1976"]
[BlackElo "2075"]
[PlyCount "115"]
[EventDate "2013.??.??"]

1. d4 Nf6 2. c4 e6 3. Nf3 Bb4+ 4. Bd2 Qe7 5. g3 Nc6 6. Bg2 Bxd2+ 7. Nbxd2 d6 8.
O-O O-O 9. e4 e5 10. d5 Nb8 11. b4 a5 12. a3 Na6 13. Qb3 Bd7 14. Rfc1 c6 15.
dxc6 bxc6 16. Qc3 Bg4 17. c5 axb4 18. cxd6 Qxd6 19. axb4 Bxf3 20. Nxf3 Nxe4 21.
Qxe5 Qd5 22. Ra5 Qd3 23. Qa1 Nc7 24. Qd4 Rad8 25. Qxd3 Rxd3 26. Ne5 Rc3 27.
Rxc3 Nxc3 28. Rc5 Ne2+ 29. Kf1 Nd4 30. Nxc6 Ncb5 31. Nxd4 Nxd4 32. b5 Rb8 33.
b6 Ne6 34. Rb5 Kf8 35. b7 Ke7 36. Rb1 Kd6 37. Rd1+ Kc7 38. Rc1+ Kb6 39. Rc8 Ka7
40. Ke2 Nd8 41. Rc7 Kb6 42. Rd7 Nxb7 43. Rxf7 Re8+ 44. Kf1 Nc5 45. Rxg7 Nd3 46.
Bf3 Re1+ 47. Kg2 Re5 48. Bd1 Rd5 49. Be2 h5 50. Bxd3 Rxd3 51. Rh7 Rd5 52. Kh3
Kc6 53. Kh4 Rd2 54. Rh6+ Kd7 55. Rf6 Rd5 56. h3 Ke7 57. Rh6 Rd2 58. f4 1-0